000
002070000a22000970004500
100
1
_a
Hamilton, Tim
245
1
0
_a
Never say never
300
_a
Num. 5 (1998), Páginas 4-9
773
0
_t
Teartimes
942
_c
ANA
999
_c
55837
_d
55837